方角のつく駅名が1つもないJR路線 - Statistics

General Stats
  • This quiz has been taken 118 times
  • The average score is 25 of 46
Answer Stats
会社 路線名 % Correct
JR北海道 日高本線
66%
JR東日本 鶴見線
66%
JR東日本 両毛線
63%
JR東日本 男鹿線
62%
JR東海 名松線
62%
JR東日本 日光線
60%
JR東日本 山田線
59%
JR東日本 烏山線
59%
JR西日本 本四備讃線
59%
JR四国 本四備讃線
59%
JR東日本 八戸線
58%
JR東日本 大船渡線
58%
JR東日本 鹿島線
58%
JR東日本 山手線
58%
JR東海 参宮線
58%
JR東日本 津軽線
57%
JR東日本 気仙沼線
57%
JR東日本 磐越東線
57%
JR東日本 北陸新幹線
56%
JR東海 太多線
56%
JR西日本 北陸新幹線
56%
JR四国 鳴門線
56%
JR東日本 石巻線
55%
JR東日本 赤羽線
55%
JR西日本 桜井線
55%
JR東日本 上越新幹線
53%
JR東日本 釜石線
53%
JR西日本 呉線
53%
JR西日本 境線
52%
JR四国 内子線
52%
JR西日本 播但線
51%
JR九州 三角線
51%
JR東日本 吾妻線
49%
JR西日本 宇野線
49%
JR西日本 伯備線
49%
JR西日本 福塩線
48%
JR西日本 可部線
48%
JR九州 九州新幹線
47%
JR九州 日田彦山線
47%
JR西日本 城端線
45%
JR九州 後藤寺線
45%
JR西日本 北陸本線
44%
JR西日本 吉備線
44%
JR九州 宮崎空港線
44%
JR九州 西九州新幹線
42%
JR西日本 関西空港線
34%
No matching quizzes found
Score Distribution
Percent of People with Each Score
Percentile by Number Answered
Your Score History
You have not taken this quiz